| 000 -LEADER |
| fixed length control field |
01318pab a2200157 454500 |
| 008 - FIXED-LENGTH DATA ELEMENTS--GENERAL INFORMATION |
| fixed length control field |
180718b2015 xxu||||| |||| 00| 0 eng d |
| 100 ## - MAIN ENTRY--PERSONAL NAME |
| Personal name |
Bakker, Arnold B. |
| 245 ## - TITLE STATEMENT |
| Title |
A job demands resources approach to public service motivation |
| 260 ## - PUBLICATION, DISTRIBUTION, ETC. |
| Date of publication, distribution, etc. |
2015 |
| 300 ## - PHYSICAL DESCRIPTION |
| Extent |
p.723-732. |
| 362 ## - DATES OF PUBLICATION AND/OR SEQUENTIAL DESIGNATION |
| Dates of publication and/or sequential designation |
Sep-Oct |
| 520 ## - SUMMARY, ETC. |
| Summary, etc. |
This article uses job demands resources theory to build a model of public service motivation (PSM). Public service motivation determines how employees in the public sector deal with their daily job demands and resources. Highly motivated public servants are able to deal with their job demands and prevent exhaustion. Additionally, because of their sense of calling, they are motivated to mobilize their job resources to stay engaged and perform well. However, if job demands are consistently high and job resources are consistently low, highly motivated public servants will lose their psychological resources, resulting in lower PSM. Reduced PSM, as a consequence, may strengthen the loss cycle of job demands and exhaustion and weaken the gain cycle of job resources and engagement. Public service managers and employees may use this model to optimize their work environment on a day-to-day basis.- Reproduced. |
| 650 ## - SUBJECT ADDED ENTRY--TOPICAL TERM |
| Topical term or geographic name entry element |
Motivation |
| 773 ## - HOST ITEM ENTRY |
| Main entry heading |
Public Administration Review |
| 909 ## - |
| -- |
109363 |